5th international workshop on database machines. Proc.. Japan, Karuizawa, Mampei Hotel, October 5-8, 1987 /

Guardado en:
Detalles Bibliográficos
Otros Autores: Kitsuregawa, M (Compilador)
Formato: Libro
Lenguaje:inglés
Publicado: B.m. : B.n, [1987]
Etiquetas: Agregar Etiqueta
Sin Etiquetas, Sea el primero en etiquetar este registro!

MARC

LEADER 00000nam a22000003a 4500
001 stu286
005 20150617225621.3
008 910507s1987----ja------------------eng-d
040 |a STU  |b slo 
041 0 |a eng 
044 |a ja 
080 |a 681.32.016 
080 |a 519.683.5 
080 |a 061.3(038)  |7 stu_us_auth*stu8361 
100 1 |a Kitsuregawa, M  |4 com 
245 1 |a 5th international workshop on database machines. Proc.. Japan, Karuizawa, Mampei Hotel, October 5-8, 1987 /  |c Edit.: Kitsuregawa,M 
260 |a B.m. :  |b B.n,  |c [1987] 
300 |a 355 s 
996 |b E74495  |c I*74495  |l II680  |s A  |a 24  |w stu286_0001